000 00873 a2200229 4500
001 59258
005 20260407155846.0
008 260407a2018 arg spa d
003 AR-UNSa-BCEJYS
040 _aAR-UNSa-BCEJYS
_bspa
_cAR-UNSa-BCEJYS
080 _a314
_xDemografía. Estudios de población
245 1 0 _a¡7500 millones de personas!
_pqué es y para qué sirve la demografía
020 _a978-987-629-836-0
264 1 _aBuenos Aires :
_bSiglo XXI Editores Argentina
_c2018
300 _a125 p.
_c19 cm.
505 _a1. La bola de nieve - 2. Morimos menos que ayer y más que mañana - 3. La descendencia - 4. Haciendo camino al andar
041 _aspa
942 _cBK
590 _aniveau_biblio:m niveau_hierar:0
100 1 _aPaz, Jorge Augusto
856 4 1 _uhttps://biblioeco.unsa.edu.ar/pmb/images/libros/L129023.jpg
_yImagen de portada
_qimage/jpeg
999 _c6627
_d6627